La maquinaria en la construcción

שמור ב:
מידע ביבליוגרפי
מחבר ראשי: Igoa, José María (Author)
פורמט: ספר
שפה:ספרדית
יצא לאור: Barcelona CEAC 1962
מהדורה:4a. ed
נושאים:
תגים: הוספת תג
אין תגיות, היה/י הראשונ/ה לתייג את הרשומה!

MARC

LEADER 00000nam a2200000 a 4500
001 UCU7488
003 CL-VaPUC
008 960705e19620000SP |||||||||||||||||spa|d
082 0 4 |a 690.028  |b IGO  |2 21 
100 |a Igoa, José María  |e author  |9 483356 
245 1 3 |a La maquinaria en la construcción 
250 |a 4a. ed 
300 |a 204 p 
942 |c BK 
945 |d 19960705 00:00:00  |a cmena 
260 |a Barcelona  |b CEAC  |c 1962 
650 7 |a MAQUINARIA DE CONSTRUCCION  |2 CL-VaPUC  |9 364112 
650 0 |a Construcción  |9 260195 
650 0 |a Ingeniería mecánica   |9 262089 
650 7 |a MAQUINARIA PARA MOVIMIENTO DE TIERRAS  |2 CL-VaPUC  |9 266898 
650 7 |a EXPLANADORAS  |2 CL-VaPUC  |9 366351 
650 7 |a GRUAS  |2 CL-VaPUC  |9 267275 
650 7 |a TECNOLOGIA DE LA CONSTRUCCION  |2 CL-VaPUC  |9 260196 
583 |a last modification  |c 19960705 00:00:00  |k Rodrigo Vera 
999 |c 308121  |d 308119